| 000 | 00000nas 2200000zi 4500 |
| 001 | 9.814506 |
| 003 | CaOODSP |
| 005 | 20240724150705 |
| 006 | m o d f |
| 007 | cr cn |||||||| |
| 008 | 160406d20162023oncar p o f0 b0fre|d |
| 022 | |a2371-5383 |
| 040 | |aCaOODSP|bfre|erda|cCaOODSP |
| 043 | |an-cn--- |
| 086 | 1 |aHP37-25F-PDF|zHP40-158/2016F-PDF |
| 110 | 1 |aCanada. |bComité consultatif national de l'immunisation, |eauteur. |
| 222 | 0|aChapitre sur la grippe du guide canadien d'immunisation et déclaration sur la vaccination antigrippale pour la saison ... |
| 245 | 10|aChapitre sur la grippe du guide canadien d'immunisation et déclaration sur la vaccination antigrippale pour la saison ... |
| 246 | 1 |iEn tête du titre : |aDéclaration d'un comité consultative (DCC), Comité consultative national de l'immunisation (CCNI) |
| 264 | 1|a[Ottawa] : |bAgence de la santé publique du Canada = Public Health Agency of Canada, |c2015-2022. |
| 310 | |aAnnuel |
| 362 | 1 |aParaît depuis : 2015/2016; ne paraît plus après : 2022/2023. |
| 500 | |aÉgalement publié en anglais sous le titre : Canadian immunization guide chapter on influenza and statement on seasonal influenza vaccine for ... |
| 520 | |a« Le présent document, intitulé Comité consultatif national de l’immunisation (CCNI) : Chapitre sur la grippe du Guide canadien d’immunisation et Déclaration sur la vaccination antigrippale pour la saison [...], met à jour les recommandations du CCNI concernant l’utilisation de vaccins antigrippaux saisonniers »--Introduction. |
| 588 | |aDescription d'après : 2015/2016. |
| 588 | |aDernière livraison consultée : 2022/2023. |
| 650 | 6|aVaccins antigrippaux|xPolitique gouvernementale|zCanada|vPériodiques. |
| 650 | 6|aGrippe|xVaccination|zCanada|vPériodiques. |
| 655 | 7|aPériodiques|2rvmgf |
| 710 | 2 |aAgence de santé publique du Canada, |eorganisme de publication. |
| 775 | 08|tCanadian immunization guide chapter on influenza and statement on seasonal influenza vaccine for ...|w(CaOODSP)9.814502 |
| 785 | 00|tDéclaration sur la vaccination antigrappale pour la saison ...|w(CaOODSP)9.921849 |